"Understanding and treatment, drug abuse" (Record no. 25174)

MARC details
000 -LEADER
fixed length control field 00290nam a2200109Ia 4500
008 - FIXED-LENGTH DATA ELEMENTS--GENERAL INFORMATION
fixed length control field 130524s9999 xx 000 0 und d
020 ## - INTERNATIONAL STANDARD BOOK NUMBER
International Standard Book Number 9966788123
100 ## - MAIN ENTRY--PERSONAL NAME
Personal name "Oketch, Seth"
245 ## - TITLE STATEMENT
Title "Understanding and treatment, drug abuse"
260 ## - PUBLICATION, DISTRIBUTION, ETC. (IMPRINT)
Name of publisher, distributor, etc. Chez Promotion ltd
Date of publication, distribution, etc. c. 2008
300 ## - PHYSICAL DESCRIPTION
Extent 108
Holdings
Withdrawn status Lost status Damaged status Not for loan Home library Current library Shelving location Date acquired Total Checkouts Total Renewals Full call number Barcode Date last seen Date checked out Price effective from Koha item type
        PAC UNIVERSITY PAC UNIVERSITY General Stacks 13/03/2014 32 26 RM 316 .O34 2008 TXT5487 16/02/2026 14/01/2026 13/03/2014 General books

Richard Ondeng' Library |56875-00200,Nairobi | Kenya
Tel: +254-20-2013146 / 2076894 | Mobile: 0721-932050, 0734-400694
Email: enquiries@pacuniversity.ac.ke| Website: www.pacuniversity.ac.ke
Powered by PAC University ICT Department